[Event "Hamburg St Pauli op-B"]
[Site "Hamburg"]
[Date "2011.07.17"]
[Round "9"]
[White "Becker, Roland"]
[Black "Svane, Frederik"]
[Result "1-0"]
[WhiteElo "1568"]
[BlackElo "1699"]
[PlyCount "103"]
[EventDate "2011.07.09"]
[EventType "swiss"]
[EventRounds "9"]
[EventCountry "GER"]
[SourceTitle "CBM 143 Extra"]
[Source "ChessBase"]
[SourceDate "2011.08.29"]
[SourceVersion "1"]
[SourceVersionDate "2011.08.29"]
[SourceQuality "1"]

1. e4 c5 2. Nf3 Nc6 3. d4 cxd4 4. Nxd4 Nf6 5. Nc3 e5 6. Nxc6 bxc6 7. Bg5 Be7 8. Bc4 0-0 9. 0-0 Bb7 10. Re1 Qc7 11. Qe2 a6 12. Rad1 Rfd8 13. Kh1 h6 14. Bh4 a5 15. a4 d6 16. Rd2 Rd7 17. h3 Re8 18. Red1 Red8 19. Bg3 Re8 20. Qf3 Qb8 21. Bxe5 Red8 22. Bg3 Qa8 23. Qf5 Bf8 24. e5 dxe5 25. Rxd7 Rxd7 26. Rxd7 Qc8 27. Bxf7+ Kh8 28. Be6 Nxd7 29. Bxd7 Qd8 30. Bxe5 Qe7 31. Ne4 c5 32. Bd6 Bxe4 33. Qxf8+ Qxf8 34. Bxf8 Bxc2 35. Bxc5 g5 36. Bb6 Kg7 37. Bxa5 Kf6 38. Bd8+ Ke5 39. a5 Kd6 40. Bg4 Kc6 41. a6 Be4 42. Bf3 Bxf3 43. gxf3 h5 44. a7 Kb7 45. Bb6 h4 46. Be3 Ka8 47. Bxg5 Kxa7 48. f4 Kb6 49. f5 Kc6 50. f6 Kd7 51. f7 Ke6 52. f8Q 1-0